Voice of the veena S Balachander: (Record no. 179233)

MARC details
000 -LEADER
fixed length control field 00645nam a22002057a 4500
005 - DATE AND TIME OF LATEST TRANSACTION
control field 20210603111049.0
010 ## - LCCN (DPL NO)
LC control number B-739954
020 ## - INTERNATIONAL STANDARD BOOK NUMBER
International Standard Book Number 9788129119360
035 ## - SYSTEM CONTROL NUMBER
System control number B-739954
037 ## - SOURCE OF ACQUISITION
Source of stock number/acquisition Gift
082 ## - DEWEY DECIMAL CLASSIFICATION NUMBER
Classification number 921
100 ## - MAIN ENTRY--PERSONAL NAME
Personal name Sampath, Vikram
245 ## - TITLE STATEMENT
Title Voice of the veena S Balachander:
Remainder of title a biography /
Statement of responsibility, etc by Vikram Sampath
260 ## - PUBLICATION, DISTRIBUTION, ETC. (IMPRINT)
Place of publication, distribution, etc New Delhi
Name of publisher, distributor, etc Rupa Publications
Date of publication, distribution, etc 2012
270 ## - ADDRESS
Address 7/16, Ansari Road, Daryaganj
City New Delhi
Postal code 110002
300 ## - PHYSICAL DESCRIPTION
Extent xxiii, 446p.:
Dimensions 22cm(Hb)
Other physical details ill.
500 ## - GENERAL NOTE
General note Includes index
942 ## - ADDED ENTRY ELEMENTS (KOHA)
Source of classification or shelving scheme Dewey Decimal Classification
Item type English Books
Classification part 921
Call number suffix SAM
Holdings
Withdrawn status Lost status Not for loan Collection code Home library Current library Date acquired Source of acquisition Full call number Barcode Copy number Koha item type Public note
      Non-fiction Ashok Vihar Ashok Vihar 03/06/2021 Gift/Eng/03-05-2021 921 SAM B-739954 1 English Books GIft

© Delhi Public Library
Hit Counter
free hit counter